Squid Game Characters by Picture - Statistics

General Stats
  • This quiz has been taken 48 times
  • The average score is 22 of 34
Answer Stats
Picture Answer % Correct
Seong Gi-hun
98%
Ali Abdul
93%
Kang Sae-byeok
93%
Hwang In-ho
89%
Cho Sang-woo
86%
Thanos
84%
Oh Il-nam
82%
Lee Myung-gi
77%
Park Min-su
77%
Kang Dae-ho
75%
Jang Deok-su
73%
Kim Jun-hee
73%
Nam-gyu
70%
Im Jeong-dae
68%
Kang No-eul
66%
Park Jung-bae
66%
The Recruiter
66%
Cho Hyun-ju
64%
Hwang Jun-ho
64%
Se-mi
61%
Kim Young-mi
59%
Park Yong-sik
59%
Han Mi-nyeo
57%
Kang Mi-na
57%
Jang Geum-ja
55%
Seon-nyeo
55%
Gyeong-su
52%
Ji-yeong
52%
Park Gyeong-seok
50%
Byeong-gi
48%
Captain Park
43%
Choi Woo-seok
36%
Kim Yeong-sam
36%
The Officer
27%
No matching quizzes found
Score Distribution
Percent of People with Each Score
Percentile by Number Answered
Your Score History
You have not taken this quiz